000 00525pab a2200193 454500
008 180718b1999 xxu||||| |||| 00| 0 eng d
100 _aD'sa, Antonette
245 _aIndia's power sector liberalisation: an overview
260 _c1999
300 _ap.1427-434
362 _a5 Jun
650 _aLiberalization - India
650 _aPower industry - India
650 _aPower industry
700 _aReddy, Amulya K.N.
700 _aNarasimha Murthy, K.V.
773 _aEconomic and Political Weekly
909 _a41357
999 _c41357
_d41357